各声母开头的四极点县级行政区(点位地图版) - Statistics

General Stats
  • This quiz has been taken 6 times
    5 since last reset
  • The average score is 47 of 92
Answers on the Map
Answers color-coded by a green-red scale on the quiz's map according to % correct below.
 
Answer Stats
方位 声母 省级行政区 地级行政区 县级行政区 % Correct
g 内蒙古自治区 呼伦贝尔市 根河市
100%
东 | 北 f 黑龙江省 佳木斯市 抚远市
100%
m 黑龙江省 大兴安岭地区 漠河市
100%
f 广西壮族自治区 防城港市 防城区
100%
n 海南省 三沙市 南沙区
100%
西 r 西藏自治区 阿里地区 日土县
100%
西 韵母 新疆维吾尔自治区 克孜勒苏柯尔克孜自治州 阿克陶县
100%
西 w 新疆维吾尔自治区 克孜勒苏柯尔克孜自治州 乌恰县
100%
西 k 新疆维吾尔自治区 喀什地区 喀什市
100%
西 sh 新疆维吾尔自治区 喀什地区 疏附县
100%
西 y 新疆维吾尔自治区 喀什地区 英吉沙县
100%
西 j 新疆维吾尔自治区 喀什地区 伽师县
100%
西 t 新疆维吾尔自治区 喀什地区 塔什库尔干塔吉克自治县
100%
zh 内蒙古自治区 呼伦贝尔市 扎赉诺尔区
67%
韵母 内蒙古自治区 呼伦贝尔市 鄂伦春自治旗
67%
y 内蒙古自治区 呼伦贝尔市 牙克石市
67%
h 黑龙江省 鸡西市 虎林市
67%
m 黑龙江省 鸡西市 密山市
67%
t 黑龙江省 佳木斯市 同江市
67%
d 黑龙江省 牡丹江市 东宁市
67%
x 黑龙江省 黑河市 逊克县
67%
s 黑龙江省 黑河市 孙吴县
67%
b 黑龙江省 黑河市 北安市
67%
n 黑龙江省 黑河市 嫩江市
67%
h 黑龙江省 大兴安岭地区 呼玛县
67%
t 黑龙江省 大兴安岭地区 塔河县
67%
c 浙江省 宁波市 慈溪市
67%
zh 福建省 漳州市 诏安县
67%
z 广东省 广州市 增城区
67%
k 广东省 江门市 开平市
67%
韵母 广东省 江门市 恩平市
67%
g 广西壮族自治区 防城港市 港口区
67%
m 海南省 海口市 美兰区
67%
h 海南省 三亚市 海棠区
67%
j 海南省 三亚市 吉阳区
67%
t 海南省 三亚市 天涯区
67%
y 海南省 三亚市 崖州区
67%
x 海南省 三沙市 西沙区
67%
w 海南省 (直辖) 五指山市
67%
d 海南省 (直辖) 东方市
67%
ch 海南省 (直辖) 昌江黎族自治县
67%
l 海南省 (直辖) 陵水黎族自治县
67%
b 海南省 (直辖) 保亭黎族苗族自治县
67%
q 海南省 (直辖) 琼中黎族苗族自治县
67%
西 zh 西藏自治区 阿里地区 札达县
67%
西 g 西藏自治区 阿里地区 噶尔县
67%
西 q 新疆维吾尔自治区 巴音郭楞蒙古自治州 且末县
67%
西 b 新疆维吾尔自治区 喀什地区 巴楚县
67%
西 c 新疆维吾尔自治区 和田地区 策勒县
67%
西 h 新疆维吾尔自治区 和田地区 和康县
67%
c 河北省 唐山市 曹妃甸区
33%
z 河北省 唐山市 遵化市
33%
ch 内蒙古自治区 呼伦贝尔市 陈巴尔虎旗
33%
w 吉林省 延边朝鲜族自治州 汪清县
33%
sh 黑龙江省 哈尔滨市 尚志市
33%
n 黑龙江省 鹤岗市 南山区
33%
l 黑龙江省 鹤岗市 萝北县
33%
东 | 北 r 黑龙江省 双鸭山市 饶河县
33%
j 黑龙江省 伊春市 嘉荫县
33%
w 黑龙江省 黑河市 五大连池市
33%
q 黑龙江省 绥化市 庆安县
33%
zh 黑龙江省 绥化市 肇东市
33%
z 山东省 淄博市 淄川区
33%
p 广东省 湛江市 坡头区
33%
s 广东省 湛江市 遂溪县
33%
c 广西壮族自治区 梧州市 岑溪市
33%
sh 广西壮族自治区 防城港市 上思县
33%
r 广西壮族自治区 玉林市 容县
33%
西 d 新疆维吾尔自治区 克拉玛依市 独山子区
33%
西 x 新疆维吾尔自治区 阿克苏地区 新和县
33%
西 z 新疆维吾尔自治区 喀什地区 泽普县
33%
西 m 新疆维吾尔自治区 喀什地区 麦盖提县
33%
西 p 新疆维吾尔自治区 和田地区 皮山县
33%
西 l 新疆维吾尔自治区 和田地区 洛浦县
33%
西 ch 新疆维吾尔自治区 伊犁哈萨克自治州 察布查尔锡伯自治县
33%
西 n 新疆维吾尔自治区 伊犁哈萨克自治州 尼勒克县
33%
西 f 新疆维吾尔自治区 阿勒泰地区 福海县
33%
东 | 北 p 黑龙江省 哈尔滨市 平房区
0%
sh 黑龙江省 哈尔滨市 双城区
0%
东 | 北 k 黑龙江省 齐齐哈尔市 克东县
0%
ch 黑龙江省 鸡西市 城子河区
0%
g 黑龙江省 鹤岗市 工农区
0%
d 黑龙江省 鹤岗市 东山区
0%
s 黑龙江省 鹤岗市 绥滨县
0%
j 黑龙江省 双鸭山市 尖山区
0%
l 黑龙江省 双鸭山市 岭东区
0%
y 黑龙江省 双鸭山市 友谊县
0%
b 黑龙江省 双鸭山市 宝清县
0%
x 黑龙江省 七台河市 新兴区
0%
q 黑龙江省 七台河市 茄子河区
0%
韵母 黑龙江省 牡丹江市 爱民区
0%
西 s 西藏自治区 日喀则市 萨嘎县
0%
No matching quizzes found
Score Distribution
Percent of People with Each Score
Percentile by Number Answered
Your Score History
You have not taken this quiz since the last reset